Integrated Police training; (Record no. 208549)
[ view plain ]
| 000 -LEADER | |
|---|---|
| fixed length control field | 00639nam a22001937a 4500 |
| 005 - DATE AND TIME OF LATEST TRANSACTION | |
| control field | 20250116112601.0 |
| 010 ## - LCCN (DPL NO) | |
| LC control number | ENG-143486 |
| 035 ## - SYSTEM CONTROL NUMBER | |
| System control number | EN-127018 |
| 037 ## - SOURCE OF ACQUISITION | |
| Source of stock number/acquisition | DBAD |
| 082 ## - DEWEY DECIMAL CLASSIFICATION NUMBER | |
| Classification number | 353.36 |
| 100 ## - MAIN ENTRY--PERSONAL NAME | |
| Personal name | Rai, Vikash Narain |
| 245 ## - TITLE STATEMENT | |
| Title | Integrated Police training; |
| Remainder of title | An outline of capacity Building response to field Challenges/ |
| Statement of responsibility, etc | Vikash narain rai |
| 260 ## - PUBLICATION, DISTRIBUTION, ETC. (IMPRINT) | |
| Place of publication, distribution, etc | Hyderabad |
| Name of publisher, distributor, etc | SVP National police Academy |
| 270 ## - ADDRESS | |
| City | Hyderabad |
| Address | Shivrampalli Hyderabad |
| Postal code | 500052 |
| Telephone number | 04024015151 |
| 300 ## - PHYSICAL DESCRIPTION | |
| Extent | 120 p. |
| Dimensions | 22 cm |
| 500 ## - GENERAL NOTE | |
| General note | Police Training |
| 700 ## - ADDED ENTRY--PERSONAL NAME | |
| Personal name | Vikash narain rai |
| 9 (RLIN) | 76612 |
| 942 ## - ADDED ENTRY ELEMENTS (KOHA) | |
| Source of classification or shelving scheme | Dewey Decimal Classification |
| Item type | English Books |
| Call number suffix | Rai |
| Classification part | 353.36 |
| Withdrawn status | Lost status | Not for loan | Collection code | Home library | Current library | Date acquired | Source of acquisition | Cost, normal purchase price | Full call number | Barcode | Copy number | Cost, replacement price | Koha item type |
|---|---|---|---|---|---|---|---|---|---|---|---|---|---|
| Non-fiction | Ashok Vihar | Ashok Vihar | 16/01/2025 | DBAD | 800.00 | Rai 353.36 | EN-127018 | 1 | 800.00 | English Books | |||
| D.B.Act.Division | D.B.Act.Division | 20/01/2025 | Rai 353.36 | English Books |
